[Event "Obert Barbera 2007 Grup B"]
[Site "?"]
[Date "2007.07.08"]
[Round "3"]
[White "Serrano Campos, Joan Antoni"]
[Black "Martinez Ramirez, Erik"]
[Result "0-1"]
[WhiteElo "1989"]
[BlackElo "1792"]
[PlyCount "84"]
[SourceDate "2007.07.07"]

1. e4 c5 2. Nf3 Nc6 3. d4 cxd4 4. Nxd4 g6 5. Nc3 Bg7 6. Be3 Nf6 7. f3 O-O 8.
Qd2 d5 9. O-O-O dxe4 10. Qe1 Qa5 11. Nb3 Qc7 12. fxe4 b6 13. Bb5 a6 14. Bd3 Rd8
15. Qg1 Rb8 16. Na4 Nd7 17. h4 Nb4 18. Kb1 b5 19. Nc3 Bb7 20. h5 Rbc8 21. hxg6
hxg6 22. Qf2 Ne5 23. Bb6 Ng4 24. Qg1 Qe5 25. Be2 Rxd1+ 26. Qxd1 Nf6 27. Bd4 Qc7
28. Qd2 Nxc2 29. Bf3 Nxd4 30. Nxd4 Rd8 31. Qe3 Nxe4 32. Nxe4 Bxe4+ 33. Bxe4
Rxd4 34. Bc2 Qd7 35. Rf1 Rd6 36. Bb3 Rf6 37. Rd1 Qf5+ 38. Ka1 Rd6 39. Rc1 Qe5
40. Rc8+ Kh7 41. Qf2 Qd4 42. Qxd4 Rxd4 0-1

[Event "Obert Barbera 2007 Grup B"]
[Site "?"]
[Date "2007.07.08"]
[Round "3"]
[White "Frances Cuscullola, Oriol"]
[Black "Urbano Cabrera, Moises"]
[Result "1-0"]
[WhiteElo "1967"]
[BlackElo "1716"]
[PlyCount "91"]
[SourceDate "2007.07.07"]

1. Nf3 d5 2. g3 Nf6 3. Bg2 e6 4. O-O Bd6 5. d4 O-O 6. Nbd2 Nbd7 7. b3 e5 8.
dxe5 Nxe5 9. Bb2 Re8 10. c4 dxc4 11. Nxe5 Bxe5 12. Bxe5 Rxe5 13. Nxc4 Qxd1 14.
Rfxd1 Re8 15. Na5 Rb8 16. Rd2 c6 17. Rad1 Kf8 18. Rd8 Ke7 19. Rxe8+ Kxe8 20.
Bxc6+ Nd7 21. Bg2 Ke7 22. f4 Nc5 23. Rd5 Ne6 24. Rb5 Nd8 25. Re5+ Kd7 26. Bh3+
Kd6 27. Nc4+ Kc6 28. Bg2+ Kd7 29. Ra5 a6 30. Re5 Nc6 31. Rg5 g6 32. Nb6+ Ke6
33. Bxc6 bxc6 34. Nxc8 Rxc8 35. Ra5 Ra8 36. Kf2 Kd7 37. Ke3 Kc7 38. Ke4 f5+ 39.
Kd4 Rd8+ 40. Kc3 Kb6 41. Re5 Rd7 42. e4 fxe4 43. Rxe4 Rd1 44. Re7 h5 45. Re6
Rh1 46. h4 1-0

[Event "Obert Barbera 2007 Grup B"]
[Site "?"]
[Date "2007.07.08"]
[Round "3"]
[White "Sabria Batlle, Pol"]
[Black "Grao Amaya, Rafael"]
[Result "1-0"]
[WhiteElo "1951"]
[BlackElo "1793"]
[PlyCount "89"]
[SourceDate "2007.07.07"]

1. d4 d5 2. c4 e6 3. Nc3 Nf6 4. Nf3 c6 5. Bg5 Be7 6. e3 Ne4 7. Bf4 Nxc3 8. bxc3
Nd7 9. Bd3 O-O 10. O-O Nf6 11. Ne5 Bd6 12. Bg5 h6 13. Bh4 Be7 14. Bc2 Nd7 15.
Qd3 f5 16. Bxe7 Nxe5 17. Bxd8 Nxd3 18. Be7 Re8 19. cxd5 Rxe7 20. d6 Rd7 21.
Bxd3 Rxd6 22. a4 b6 23. Rfb1 c5 24. a5 bxa5 25. Rxa5 cxd4 26. cxd4 Kf7 27. Bc4
a6 28. Rxf5+ Ke7 29. Ra5 Ra7 30. Kf1 Rb7 31. Rba1 Rbb6 32. Rc5 Rdc6 33. Rxc6
Rxc6 34. Bd3 Kd6 35. Ke2 Kc7 36. e4 Kb6 37. f4 a5 38. Rb1+ Ka7 39. Rb5 Ka6 40.
d5 exd5 41. exd5 Rc7 42. d6 Rc6 43. d7 Re6+ 44. Re5+ Kb6 45. Rxe6+ 1-0

[Event "Obert Barbera 2007 Grup B"]
[Site "?"]
[Date "2007.07.08"]
[Round "3"]
[White "Gonzalez Muelas, Javier"]
[Black "Palomo Ribera, Carmen"]
[Result "1-0"]
[WhiteElo "1933"]
[BlackElo "1893"]
[PlyCount "61"]
[SourceDate "2007.07.07"]

1. e4 d6 2. d4 Nf6 3. Nc3 g6 4. f4 Bg7 5. Nf3 O-O 6. Bc4 e5 7. fxe5 dxe5 8.
Nxe5 c6 9. a3 Nbd7 10. Bf4 Nxe5 11. Bxe5 Qe7 12. O-O Be6 13. Bxe6 fxe6 14. Bxf6
Bxf6 15. e5 Bg5 16. Qe2 Rad8 17. Rad1 Rxf1+ 18. Kxf1 Rf8+ 19. Kg1 Bf4 20. Ne4
Bg5 21. Rf1 Rd8 22. c3 b6 23. Nd6 Rxd6 24. exd6 Qxd6 25. Re1 Kf7 26. Qf3+ Kg7
27. Rf1 c5 28. Qf7+ Kh6 29. Rf3 Qe7 30. Rh3+ Bh4 31. Qxe7 1-0

[Event "Obert Barbera 2007 Grup B"]
[Site "?"]
[Date "2007.07.09"]
[Round "4"]
[White "Mas Recorda, Pere"]
[Black "Ruiz Manchon, Francesc Xavier"]
[Result "1/2-1/2"]
[WhiteElo "2050"]
[BlackElo "2093"]
[PlyCount "32"]
[SourceDate "2007.07.07"]

1. f4 Nf6 2. Nf3 g6 3. b3 Bg7 4. Bb2 O-O 5. e3 d6 6. Be2 c5 7. O-O Nc6 8. Bb5
Bd7 9. Qe2 a6 10. Bxc6 Bxc6 11. d3 e6 12. Nbd2 b5 13. a3 Re8 14. Rae1 Rc8 15.
Ba1 Qa5 16. Bb2 Qd8 1/2-1/2

[Event "Obert Barbera 2007 Grup B"]
[Site "?"]
[Date "2007.07.09"]
[Round "4"]
[White "Exposito Cabrera, Joaquin"]
[Black "Walter Travella, German"]
[Result "1-0"]
[WhiteElo "2040"]
[BlackElo "2055"]
[PlyCount "33"]
[SourceDate "2007.07.07"]

1. c4 e6 2. Nc3 Bb4 3. Qb3 Nc6 4. e3 Nf6 5. a3 Be7 6. d4 d5 7. Nf3 a6 8. Qc2
dxc4 9. Bxc4 O-O 10. O-O b5 11. Bd3 Bb7 12. Ne4 h6 13. Bd2 e5 14. Nxf6+ Bxf6
15. Be4 Qe8 16. dxe5 Bd8 17. Rac1 1-0

[Event "Obert Barbera 2007 Grup B"]
[Site "?"]
[Date "2007.07.09"]
[Round "4"]
[White "Capellades Subirana, Marc"]
[Black "Aguilera Bonaque, Juan Carlos"]
[Result "1-0"]
[WhiteElo "2112"]
[BlackElo "2035"]
[PlyCount "37"]
[SourceDate "2007.07.07"]

1. e4 c5 2. Nf3 Nc6 3. d4 cxd4 4. Nxd4 Nf6 5. Nc3 e6 6. Ndb5 Bb4 7. Bf4 Nxe4 8.
Nc7+ Ke7 9. Qf3 d5 10. O-O-O Nxc3 11. bxc3 Ba3+ 12. Kb1 Rb8 13. Nb5 e5 14. Rxd5
Qa5 15. Bxe5 Nxe5 16. Rxe5+ Be6 17. Bc4 Bd6 18. Rxe6+ fxe6 19. Qg4 1-0

[Event "Obert Barbera 2007 Grup B"]
[Site "?"]
[Date "2007.07.09"]
[Round "4"]
[White "Ferrer Roche, Marc"]
[Black "Ben Porat, Zeev"]
[Result "1/2-1/2"]
[WhiteElo "2095"]
[BlackElo "2029"]
[PlyCount "66"]
[SourceDate "2007.07.07"]

1. d4 e6 2. Nf3 f5 3. g3 Nf6 4. Bg2 Be7 5. O-O O-O 6. c4 d6 7. Nc3 Qe8 8. Re1
Qg6 9. Qc2 Ne4 10. Nd2 Nxc3 11. bxc3 e5 12. e3 Nd7 13. f4 e4 14. Nf1 c5 15. Qb3
a5 16. a4 Ra6 17. Rb1 Qf7 18. d5 Nb6 19. Re2 Nd7 20. Reb2 Bd8 21. Qc2 Qe8 22.
Nd2 Nb6 23. Ra2 Bd7 24. Rba1 Kh8 25. Qd1 Bf6 26. Ra3 Qg6 27. Qe2 Qe8 28. Qd1
Qg6 29. Qe2 Re8 30. Nf1 Nc8 31. Rb1 b6 32. Kf2 Qf7 33. h4 h5 1/2-1/2

[Event "Obert Barbera 2007 Grup B"]
[Site "?"]
[Date "2007.07.09"]
[Round "4"]
[White "Franch Guiral, Ramon"]
[Black "L'Hermitte, Emmanuel"]
[Result "1-0"]
[WhiteElo "1989"]
[BlackElo "2048"]
[PlyCount "103"]
[SourceDate "2007.07.07"]

1. f4 d5 2. Nf3 g6 3. e3 Bg7 4. d4 Nf6 5. Bd3 O-O 6. O-O c5 7. c3 Qb6 8. Qb3
Qc7 9. Qc2 c4 10. Be2 Bf5 11. Qd1 Nc6 12. Ne5 b5 13. g4 Be4 14. Nd2 Ne8 15.
Nxe4 dxe4 16. a4 Nxe5 17. fxe5 Rd8 18. Qc2 a6 19. axb5 axb5 20. Qxe4 e6 21. Bf3
Qe7 22. Qb7 Nc7 23. Ra7 Ra8 24. Bd2 Rxa7 25. Qxa7 Qd8 26. Qc5 Bh6 27. Ra1 Nd5
28. Bxd5 exd5 29. h3 Qd7 30. Ra7 Qd8 31. Qxb5 Qh4 32. Kg2 Bxe3 33. Bxe3 Qe1 34.
Qxd5 Qxe3 35. Qf3 Qd2+ 36. Qf2 Qd3 37. Ra1 Rb8 38. Rf1 Qe4+ 39. Kg3 Qd5 40. Re1
Rb3 41. Re2 h6 42. Qf3 Qe6 43. d5 Qb6 44. Qf2 Qb7 45. d6 Rb6 46. d7 Qb8 47. Qc5
Qd8 48. Rd2 Rb8 49. Qd6 Rb7 50. e6 fxe6 51. Qxe6+ Kg7 52. Rd6 1-0

[Event "Obert Barbera 2007 Grup B"]
[Site "?"]
[Date "2007.07.09"]
[Round "4"]
[White "Abderezzak, Slimani"]
[Black "Echarri Torres, Miguel"]
[Result "1-0"]
[WhiteElo "2041"]
[BlackElo "2113"]
[PlyCount "85"]
[SourceDate "2007.07.07"]

1. e4 c5 2. Nf3 e6 3. d4 cxd4 4. Nxd4 a6 5. Nc3 Qc7 6. Be2 Nf6 7. O-O Nc6 8.
Kh1 Nxd4 9. Qxd4 Bc5 10. Qd3 b5 11. f4 Bb7 12. Bf3 h5 13. e5 Ng4 14. Bxb7 Qxb7
15. Ne4 Rc8 16. Bd2 Be7 17. Rae1 Qc6 18. c3 Nh6 19. f5 Nxf5 20. Rxf5 exf5 21.
Nd6+ Bxd6 22. exd6+ Kf8 23. Re7 Re8 24. Qe3 Qc8 25. c4 Rxe7 26. dxe7+ Ke8 27.
Qe5 Qxc4 28. h3 f6 29. Qb8+ Kxe7 30. Qxh8 Qf7 31. Bb4+ d6 32. Qb8 Qd5 33. Qc7+
Ke6 34. Qc8+ Ke5 35. Qe8+ Kd4 36. Qxh5 Qxa2 37. Bc3+ Kc5 38. Qxf5+ d5 39. Qc8+
Kb6 40. Bd4+ Ka5 41. Qc3+ b4 42. Qc5+ Ka4 43. Qc6+ 1-0

[Event "Obert Barbera 2007 Grup B"]
[Site "?"]
[Date "2007.07.09"]
[Round "4"]
[White "Vigo Allepuz, David"]
[Black "Ayza Casamitjana, Antoni"]
[Result "1-0"]
[WhiteElo "2141"]
[BlackElo "2010"]
[PlyCount "124"]
[SourceDate "2007.07.07"]

1. d4 Nf6 2. Nf3 g6 3. Bg5 Bg7 4. e3 d5 5. Bd3 O-O 6. O-O Nbd7 7. c4 c5 8. Nc3
dxc4 9. Bxc4 cxd4 10. Nxd4 Nb6 11. Bb3 Bf5 12. Nxf5 gxf5 13. Qf3 e6 14. e4 Qd4
15. exf5 exf5 16. Qxf5 Qg4 17. Qxg4 Nxg4 18. h3 Ne5 19. Rad1 Nec4 20. Bc1 Rac8
21. Bxc4 Nxc4 22. Nd5 Rfe8 23. b3 Ne5 24. Rfe1 Nc6 25. Bg5 Re6 26. Rxe6 fxe6
27. Nf6+ Kf7 28. Rd7+ Kg6 29. Ne4 Be5 30. Be3 b6 31. f4 Bb8 32. g4 Rf8 33. Nd6
Nb4 34. f5+ exf5 35. Nxf5 Rf7 36. Rd8 Be5 37. Rg8+ Kf6 38. Bh6 Ke6 39. Re8+ Kd5
40. Ne3+ Kd4 41. a3 Nd3 42. Nc4 Bf4 43. Bxf4 Nxf4 44. Kh2 Nd3 45. Rd8+ Kc3 46.
Rxd3+ Kxd3 47. Ne5+ Kc3 48. Nxf7 Kxb3 49. Ng5 Kxa3 50. Nxh7 b5 51. Nf6 b4 52.
Ne4 b3 53. g5 b2 54. Nd2 Kb4 55. g6 Kc3 56. Nb1+ Kc2 57. g7 Kxb1 58. g8=Q Kc1
59. Qc4+ Kd1 60. Qd3+ Kc1 61. Qc3+ Kb1 62. h4 a5 1-0

[Event "Obert Barbera 2007 Grup B"]
[Site "?"]
[Date "2007.07.09"]
[Round "4"]
[White "Basas Gamazo, Josep"]
[Black "Sabria Batlle, Pol"]
[Result "0-1"]
[WhiteElo "2089"]
[BlackElo "1951"]
[PlyCount "48"]
[SourceDate "2007.07.07"]

1. e4 e5 2. Nf3 Nc6 3. Bb5 a6 4. Bxc6 dxc6 5. O-O f6 6. d4 Bg4 7. dxe5 Qxd1 8.
Rxd1 fxe5 9. Rd3 Bd6 10. Nbd2 Nf6 11. b3 O-O 12. Bb2 Rae8 13. Re1 Nh5 14. g3
Re6 15. Kg2 Ref6 16. h3 Be6 17. Re2 Rg6 18. Kh2 Rgf6 19. Bc1 Bc5 20. Kg2 Rh6
21. Nf1 Bxh3+ 22. Kg1 Rhf6 23. N1h2 Nxg3 24. Re1 Rg6 0-1

[Event "Obert Barbera 2007 Grup B"]
[Site "?"]
[Date "2007.07.09"]
[Round "4"]
[White "Martinez Hernandez, Emili"]
[Black "Delgadillo Torrico, Felipe"]
[Result "0-1"]
[WhiteElo "1913"]
[BlackElo "2038"]
[PlyCount "68"]
[SourceDate "2007.07.07"]

1. Nf3 c5 2. c4 Nf6 3. d4 cxd4 4. Nxd4 Nc6 5. e3 d6 6. g3 a6 7. Bg2 Bd7 8. O-O
Qc7 9. b3 e6 10. Bb2 Be7 11. Nc3 Nxd4 12. Qxd4 Bc6 13. f3 Rd8 14. Qd2 O-O 15.
Rfd1 d5 16. cxd5 Nxd5 17. Nxd5 Rxd5 18. Qc2 Rfd8 19. Rxd5 Rxd5 20. Bd4 Qd6 21.
Rd1 e5 22. f4 exd4 23. Bxd5 Qxd5 24. e4 Qxe4 25. Qxe4 Bxe4 26. Kf1 d3 27. Rc1
f5 28. Rc4 Kf7 29. Ke1 Ke6 30. Kd2 Kd5 31. Kc3 Bf6+ 32. Kd2 b5 33. Rc7 b4 34.
Ra7 Bc3+ 0-1

[Event "Obert Barbera 2007 Grup B"]
[Site "?"]
[Date "2007.07.09"]
[Round "4"]
[White "Benavides Arias, Luis Alberto"]
[Black "Garcia Riera, Josep"]
[Result "1/2-1/2"]
[WhiteElo "1879"]
[BlackElo "2033"]
[PlyCount "42"]
[SourceDate "2007.07.07"]

1. d4 d5 2. c4 c6 3. cxd5 cxd5 4. Nc3 Nc6 5. Nf3 Nf6 6. Bf4 e6 7. e3 Bd6 8.
Bxd6 Qxd6 9. Bb5 O-O 10. O-O Bd7 11. a3 Rac8 12. Bxc6 Bxc6 13. Ne5 Nd7 14. Nxc6
Qxc6 15. Rc1 b5 16. Na2 Qb7 17. Qd2 Nb6 18. b3 Rxc1 19. Rxc1 Rc8 20. Rxc8+ Qxc8
21. Qc3 Qxc3 1/2-1/2

[Event "Obert Barbera 2007 Grup B"]
[Site "?"]
[Date "2007.07.09"]
[Round "4"]
[White "Amor Alcaide, Manuel"]
[Black "Frances Cuscullola, Oriol"]
[Result "1-0"]
[WhiteElo "2029"]
[BlackElo "1967"]
[PlyCount "83"]
[SourceDate "2007.07.07"]

1. b4 e5 2. Bb2 Bxb4 3. Bxe5 Nf6 4. a3 Ba5 5. Nf3 d5 6. e3 O-O 7. Be2 c5 8. O-O
Nc6 9. Bb2 Bf5 10. d3 b5 11. c4 dxc4 12. dxc4 b4 13. Qb3 Qe7 14. axb4 cxb4 15.
Nd4 Nxd4 16. Bxd4 Bd8 17. Qa4 a5 18. Qb5 Bd7 19. Qb7 Qe4 20. Qxe4 Nxe4 21. f3
Nd6 22. Bc5 Bf6 23. Ra2 Be7 24. Rd2 Nxc4 25. Bxc4 Bxc5 26. Rxd7 Bxe3+ 27. Kh1
a4 28. Re1 Bg5 29. Nd2 Bxd2 30. Rxd2 a3 31. Rb1 Rfb8 32. Ba2 Ra7 33. Kg1 Rab7
34. Kf2 Kf8 35. Rd3 Rc8 36. Bb3 Ra7 37. Ke3 Rb7 38. Kd2 Ke7 39. Re1+ Kf6 40.
Rd6+ Kg5 41. Re5+ Kf4 42. Rdd5 1-0

[Event "Obert Barbera 2007 Grup B"]
[Site "?"]
[Date "2007.07.09"]
[Round "4"]
[White "Gonzalez Muelas, Marco Antonio"]
[Black "Rios Torondell, Jaume"]
[Result "1/2-1/2"]
[WhiteElo "1846"]
[BlackElo "2017"]
[PlyCount "144"]
[SourceDate "2007.07.07"]

1. d4 Nf6 2. c4 e6 3. Nc3 Bb4 4. Nf3 O-O 5. Bg5 h6 6. Bh4 g5 7. Bg3 Ne4 8. Qc2
f5 9. e3 b6 10. a3 Bxc3+ 11. bxc3 Bb7 12. Bd3 d6 13. O-O Nd7 14. Nd2 Nef6 15.
d5 Nc5 16. dxe6 Nxd3 17. Qxd3 Nh5 18. Nb3 Be4 19. Qe2 Ng7 20. f3 Bb7 21. Nd4
Qf6 22. Nb5 Nxe6 23. Rab1 a6 24. Nd4 Nc5 25. Qc2 Rae8 26. e4 fxe4 27. fxe4 Bxe4
28. Rxf6 Bxc2 29. Rxf8+ Kxf8 30. Nxc2 Re4 31. Nd4 Na4 32. Re1 Nxc3 33. Rxe4
Nxe4 34. Ne6+ Ke7 35. Nxc7 Nd2 36. Nd5+ Kd7 37. Nxb6+ Kc6 38. Bf2 Ne4 39. Nd5
Nd2 40. Nb4+ Kb7 41. c5 a5 42. Nc2 Ne4 43. cxd6 Nxd6 44. Bc5 Ne4 45. Bf8 h5 46.
Ne3 Kc6 47. Nc4 a4 48. Nb2 Kb5 49. Kf1 Nf6 50. Ke2 Nd7 51. Be7 g4 52. Ke3 Nb6
53. Ke4 Kc6 54. Kf5 Nd5 55. Bf8 Ne3+ 56. Kg5 Nxg2 57. Kxh5 Ne3 58. Nxa4 Nf1 59.
Kxg4 Nxh2+ 60. Kf4 Nf1 61. Nc3 Nd2 62. a4 Nc4 63. Ke4 Na5 64. Kd4 Nb3+ 65. Kc4
Na5+ 66. Kb4 Nb7 67. Ne4 Kd5 68. Nc5 Nxc5 69. Bxc5 Kc6 70. Ka5 Kb7 71. Kb5 Ka8
72. Kc6 Kb8 1/2-1/2

[Event "Obert Barbera 2007 Grup B"]
[Site "?"]
[Date "2007.07.09"]
[Round "4"]
[White "Martinez Ramirez, Erik"]
[Black "Molero Tejada, Santiago"]
[Result "0-1"]
[WhiteElo "1792"]
[BlackElo "2009"]
[PlyCount "90"]
[SourceDate "2007.07.07"]

1. e4 d6 2. d4 Nf6 3. Nc3 g6 4. Nf3 Bg7 5. Be3 O-O 6. Bd3 b6 7. Qd2 Ba6 8.
O-O-O Bxd3 9. cxd3 c6 10. Bh6 Re8 11. Bxg7 Kxg7 12. h4 h5 13. Nh2 e5 14. dxe5
Rxe5 15. f4 Re7 16. f5 Nbd7 17. fxg6 fxg6 18. g4 hxg4 19. Rhg1 Qh8 20. Qf4 Qh6
21. Qxh6+ Kxh6 22. Nxg4+ Nxg4 23. Rxg4 Rf8 24. Rdg1 Ne5 25. R4g3 Ref7 26. Nd1
Rf1 27. Rxf1 Rxf1 28. d4 Nf3 29. d5 cxd5 30. exd5 Nxh4 31. Ra3 g5 32. Kd2 g4
33. Ne3 Rf4 34. Rxa7 g3 35. Rd7 Nf5 36. Nxf5+ Rxf5 37. Rxd6+ Kh5 38. Ke3 g2 39.
Ke4 Kg4 40. Rg6+ Rg5 41. Rxg5+ Kxg5 42. Ke5 g1=Q 43. Ke6 Qe3+ 44. Kd7 Kf6 45.
d6 Qc5 0-1

[Event "Obert Barbera 2007 Grup B"]
[Site "?"]
[Date "2007.07.09"]
[Round "4"]
[White "Guix Torres, David"]
[Black "Martinez Llobet, Juan"]
[Result "0-1"]
[WhiteElo "2033"]
[BlackElo "1883"]
[PlyCount "120"]
[SourceDate "2007.07.07"]

1. e4 e5 2. Nf3 Nf6 3. Nc3 Nc6 4. Bb5 Bc5 5. O-O d6 6. h3 h6 7. d4 exd4 8. Nxd4
Bd7 9. Nf5 Bxf5 10. exf5 O-O 11. Bxc6 bxc6 12. Qf3 d5 13. Re1 Re8 14. Bd2 Ne4
15. Nxe4 dxe4 16. Qe2 Qf6 17. Qg4 Rad8 18. Rad1 Rxd2 19. Rxd2 e3 20. Ree2 Re5
21. Rd1 exf2+ 22. Kf1 Rxf5 23. Re8+ Kh7 24. Rdd8 g6 25. Rh8+ Qxh8 26. Rxh8+
Kxh8 27. b4 Bd6 28. Qd4+ Kg8 29. a3 Rd5 30. Qe3 Kg7 31. Kxf2 c5 32. c3 Re5 33.
Qd3 Rf5+ 34. Ke2 Rg5 35. g4 Re5+ 36. Kf3 Re6 37. Qd5 cxb4 38. cxb4 Rf6+ 39. Kg2
Bf4 40. Qd4 a6 41. h4 g5 42. h5 Bd6 43. Qc3 Bf4 44. Qb2 Bd6 45. Qa1 Be7 46. Qd4
Kf8 47. Qd7 Bd6 48. Qc8+ Kg7 49. Qxa6 Bxb4 50. Qa7 Bd6 51. Qb7 Rf4 52. Qb2+ Kh7
53. Qc2+ Kg7 54. Qc3+ Kh7 55. Qh3 Kg8 56. Qb3 Kg7 57. a4 Rb4 58. Qc3+ Kg8 59.
a5 Ra4 60. Qf6 Ra2+ 0-1

[Event "Obert Barbera 2007 Grup B"]
[Site "?"]
[Date "2007.07.09"]
[Round "4"]
[White "Sierra Montoya, Miquel"]
[Black "Valarezzo Ricard, Pedro"]
[Result "0-1"]
[WhiteElo "1900"]
[BlackElo "1976"]
[PlyCount "78"]
[SourceDate "2007.07.07"]

1. e4 d5 2. exd5 Qxd5 3. Nc3 Qe5+ 4. Qe2 Qxe2+ 5. Bxe2 c6 6. d4 Bf5 7. Kd1 Nf6
8. Nf3 Nbd7 9. Bf4 O-O-O 10. Kd2 Nc5 11. Bd3 Nxd3 12. cxd3 Nd5 13. Bg3 Nb4 14.
Ne4 e6 15. a3 Nd5 16. Nc3 Be7 17. Rhe1 h5 18. Nxd5 Rxd5 19. Re5 Rhd8 20. Rae1
f6 21. Rxd5 Rxd5 22. Nh4 Kd7 23. Nxf5 Rxf5 24. Rc1 g5 25. Ke3 Rb5 26. Rc2 h4
27. Bb8 Ra5 28. g3 Kc8 29. gxh4 Kxb8 30. hxg5 Rxg5 31. f4 Rg4 32. Kf3 Rg6 33.
h4 Kc7 34. Rh2 f5 35. h5 Rg4 36. b4 Bf6 37. h6 Rh4 38. Rxh4 Bxh4 39. h7 Bf6 0-1

[Event "Obert Barbera 2007 Grup B"]
[Site "?"]
[Date "2007.07.09"]
[Round "4"]
[White "Ruiz Arenas, Carlos"]
[Black "Palacios Pena, Gerardo"]
[Result "0-1"]
[WhiteElo "1958"]
[BlackElo "1930"]
[PlyCount "114"]
[SourceDate "2007.07.07"]

1. e4 c6 2. d4 d5 3. e5 Bf5 4. Nf3 e6 5. Be2 c5 6. c3 Nc6 7. O-O h5 8. a3 Qb6
9. b4 cxd4 10. cxd4 Nge7 11. Nc3 Bg4 12. Na4 Qc7 13. Be3 Nf5 14. Rc1 a6 15. Nc5
Bxc5 16. Rxc5 O-O 17. h3 Bxf3 18. Bxf3 g6 19. Qd2 Nxe3 20. fxe3 Qe7 21. Qd3 Qg5
22. Be2 Rac8 23. Rfc1 Ne7 24. Rxc8 Rxc8 25. Rxc8+ Nxc8 26. Qd2 Ne7 27. Bd3 Nc6
28. Bc2 f5 29. Kf2 h4 30. Ba4 Qg3+ 31. Kf1 b5 32. Bd1 g5 33. Qc3 Ne7 34. Qc7
Ng6 35. Qc8+ Nf8 36. Qc1 g4 37. hxg4 fxg4 38. e4 Qd3+ 39. Be2 Qxe4 40. Qg5+ Ng6
41. Qxg4 Qf4+ 42. Ke1 Kf7 43. Qh5 Kg7 44. Qg4 Qc1+ 45. Kf2 Qxa3 46. Qxe6 Qg3+
47. Kf1 Qxg2+ 48. Kxg2 Nf4+ 49. Kh2 Nxe6 50. Bf3 Nxd4 51. Bxd5 Nc2 52. Kh3 Nxb4
53. Bf3 Nd3 54. Bb7 Nc5 55. Bc8 b4 56. Kxh4 b3 57. Bg4 a5 0-1

[Event "Obert Barbera 2007 Grup B"]
[Site "?"]
[Date "2007.07.09"]
[Round "4"]
[White "Alegre Marco, Pablo"]
[Black "Alquezar Calpena, Marc"]
[Result "0-1"]
[WhiteElo "1856"]
[BlackElo "1845"]
[PlyCount "69"]
[SourceDate "2007.07.07"]

1. d4 d5 2. c4 e6 3. Nc3 Nf6 4. Bg5 Nbd7 5. Nf3 c6 6. e3 Qa5 7. Qc2 Bb4 8. a3
Bd6 9. c5 Be7 10. b4 Qc7 11. Bd3 e5 12. dxe5 Nxe5 13. Nxe5 Qxe5 14. Bf4 Qe6 15.
Bf5 Qxf5 16. Qxf5 Bxf5 17. O-O O-O 18. Rfd1 Ne4 19. Ne2 Bf6 20. Rac1 Rfe8 21.
f3 Ng5 22. Ng3 Bg6 23. h4 Ne6 24. h5 Nxf4 25. exf4 Bh4 26. hxg6 Bxg3 27. gxf7+
Kxf7 28. Rb1 Re2 29. b5 Rae8 30. bxc6 bxc6 31. Rf1 Kf6 32. Rfd1 Re1+ 33. Rxe1
Rxe1+ 34. Rxe1 Bxe1 35. Kh1 0-1

[Event "Obert Barbera 2007 Grup B"]
[Site "?"]
[Date "2007.07.09"]
[Round "4"]
[White "Romeo Ros, Joaquin"]
[Black "Sanz Bastos, Fernando"]
[Result "1-0"]
[WhiteElo "1727"]
[BlackElo "2025"]
[PlyCount "91"]
[SourceDate "2007.07.07"]

1. e4 e5 2. Nf3 Nc6 3. Bc4 Nf6 4. Ng5 d5 5. exd5 b5 6. dxc6 bxc4 7. O-O Bd6 8.
Qe2 h6 9. Ne4 Nxe4 10. Qxe4 Be6 11. b3 f5 12. Qe2 Qh4 13. Ba3 O-O 14. Bxd6 cxd6
15. Nc3 f4 16. f3 Rf5 17. Qf2 Qe7 18. b4 Rg5 19. Kh1 Rh5 20. a4 d5 21. b5 Rb8
22. Rfb1 d4 23. Ne4 Bd5 24. Re1 Rf5 25. c3 dxc3 26. dxc3 Rf7 27. Qc5 Qe6 28.
Qd6 Qxd6 29. Nxd6 Re7 30. Rad1 Bf7 31. Nf5 Ree8 32. c7 Rbc8 33. Nd6 Rxc7 34.
Nxe8 Bxe8 35. Rxe5 Bg6 36. Rd2 Bd3 37. Kg1 Kf7 38. Kf2 Kf6 39. Re1 Rc5 40. Rb2
Kf7 41. a5 g5 42. b6 axb6 43. axb6 Rc8 44. Re5 Ra8 45. b7 Ra1 46. Re1 1-0

[Event "Obert Barbera 2007 Grup B"]
[Site "?"]
[Date "2007.07.10"]
[Round "5"]
[White "Ruiz Manchon, Francesc Xavier"]
[Black "Exposito Cabrera, Joaquin"]
[Result "1-0"]
[WhiteElo "2093"]
[BlackElo "2040"]
[PlyCount "109"]
[SourceDate "2007.07.07"]

1. e4 b6 2. d4 e6 3. Bd3 Bb7 4. Nf3 d6 5. O-O Nd7 6. Re1 g6 7. Nbd2 Ne7 8. Nf1
Bg7 9. c3 O-O 10. Ng3 c5 11. Be3 Qc7 12. Qd2 e5 13. d5 f6 14. Bh6 Rf7 15. Bxg7
Kxg7 16. b4 Raf8 17. a4 Bc8 18. a5 Nb8 19. axb6 axb6 20. bxc5 bxc5 21. Bc4 h6
22. Ra2 Bg4 23. Qd3 Bxf3 24. Qxf3 f5 25. Qd3 f4 26. Nf1 f3 27. g3 h5 28. Rea1
h4 29. g4 h3 30. Ra7 Qc8 31. Ne3 Ng8 32. Qf1 Nf6 33. Qxh3 Nxe4 34. Qxf3 Nd2 35.
Qg3 Kg8 36. Rxf7 Rxf7 37. Bd3 e4 38. Be2 Qf8 39. g5 Nf3+ 40. Bxf3 exf3 41. Ng4
Rb7 42. Nf6+ Kg7 43. Qxf3 Nd7 44. Re1 Ne5 45. Qh3 Qh8 46. Qxh8+ Kxh8 47. Re3
Rb1+ 48. Kg2 Rd1 49. f4 Rd2+ 50. Kg3 Nc4 51. Re7 Rd3+ 52. Kg2 Ne3+ 53. Kg1 Rd1+
54. Kf2 Rf1+ 55. Ke2 1-0

[Event "Obert Barbera 2007 Grup B"]
[Site "?"]
[Date "2007.07.10"]
[Round "5"]
[White "Mas Recorda, Pere"]
[Black "Capellades Subirana, Marc"]
[Result "0-1"]
[WhiteElo "2050"]
[BlackElo "2112"]
[PlyCount "46"]
[SourceDate "2007.07.07"]

1. f4 d5 2. Nf3 Bf5 3. e3 e6 4. d4 Nf6 5. Bd3 Ne4 6. O-O Nd7 7. Qe2 c6 8. Nbd2
Ndf6 9. Ne5 h5 10. Ndf3 Ng4 11. Bxe4 Bxe4 12. Ng5 Nxe5 13. Nxe4 Ng4 14. Ng5 Be7
15. Nf3 Qc7 16. Bd2 O-O-O 17. g3 Rdg8 18. c4 g5 19. h3 gxf4 20. exf4 Nh6 21.
Ng5 Qd7 22. c5 Bf6 23. Nf3 Nf5 0-1

[Event "Obert Barbera 2007 Grup B"]
[Site "?"]
[Date "2007.07.10"]
[Round "5"]
[White "Abderezzak, Slimani"]
[Black "Rodriguez Pardo, Fernando"]
[Result "0-1"]
[WhiteElo "2041"]
[BlackElo "2058"]
[PlyCount "42"]
[SourceDate "2007.07.07"]

1. e4 c6 2. d4 d5 3. Nd2 dxe4 4. Nxe4 Nf6 5. Nxf6+ gxf6 6. g3 h5 7. h3 Qd5 8.
Nf3 Bf5 9. c4 Qe4+ 10. Qe2 Na6 11. Bd2 O-O-O 12. Bc3 e5 13. Qxe4 Bxe4 14. Bg2
exd4 15. Bd2 Bd3 16. Bf1 Re8+ 17. Kd1 Be4 18. Bg2 Nc5 19. b3 Nd3 20. Be1 Bh6
21. Rb1 Nxe1 0-1

[Event "Obert Barbera 2007 Grup B"]
[Site "?"]
[Date "2007.07.10"]
[Round "5"]
[White "Walter Travella, German"]
[Black "Franch Guiral, Ramon"]
[Result "0-1"]
[WhiteElo "2055"]
[BlackElo "1989"]
[PlyCount "94"]
[SourceDate "2007.07.07"]

1. d4 d5 2. Nc3 c6 3. e4 e6 4. Nf3 dxe4 5. Nxe4 Nf6 6. Nxf6+ gxf6 7. Bf4 Bd6 8.
Bh6 Nd7 9. Bd3 Qa5+ 10. c3 Qh5 11. Qd2 b6 12. h3 Rg8 13. Bxh7 Rxg2 14. Be4 Bb7
15. O-O-O Rg8 16. Rdg1 O-O-O 17. Rxg8 Rxg8 18. Rg1 Rxg1+ 19. Nxg1 f5 20. Bf3
Qg6 21. Ne2 Nf6 22. Qg5 Ng8 23. Qxg6 fxg6 24. Bf4 Kd7 25. h4 Ba6 26. Bxd6 Bxe2
27. Bxe2 Kxd6 28. f4 Nf6 29. c4 c5 30. Kd2 cxd4 31. b4 e5 32. Kd3 Ne4 33. Bf3
Nf2+ 34. Ke2 Nh3 35. fxe5+ Kxe5 36. Bc6 Nf4+ 37. Kd2 Kd6 38. Bf3 Ne6 39. Kd3
Ke5 40. a3 g5 41. h5 g4 42. Bb7 Nf4+ 43. Kd2 Nxh5 44. a4 Nf4 45. c5 bxc5 46.
bxc5 g3 47. Ke1 Nd5 0-1

[Event "Obert Barbera 2007 Grup B"]
[Site "?"]
[Date "2007.07.10"]
[Round "5"]
[White "Ben Porat, Zeev"]
[Black "Vigo Allepuz, David"]
[Result "0-1"]
[WhiteElo "2029"]
[BlackElo "2141"]
[PlyCount "70"]
[SourceDate "2007.07.07"]

1. e4 e6 2. d4 d5 3. Nc3 Nf6 4. e5 Nfd7 5. f4 c5 6. Nf3 Nc6 7. Be3 cxd4 8. Bxd4
Nxd4 9. Nxd4 Bc5 10. Qd2 Nxe5 11. Nb3 Qh4+ 12. Kd1 Ng4 13. Nxc5 Nf2+ 14. Kc1
Nxh1 15. Bb5+ Kf8 16. g3 Nxg3 17. hxg3 Qxg3 18. b3 Qg1+ 19. Kb2 Qxc5 20. a4 a6
21. f5 axb5 22. f6 Rg8 23. Ne4 Qc7 24. Qb4+ Ke8 25. Nd6+ Kd7 26. Nxb5 Qe5+ 27.
Ka2 gxf6 28. Re1 Qb8 29. c4 Qh2+ 30. Ka3 Rg2 31. Qf8 Ra2+ 32. Kb4 Qd2+ 33. Nc3
R2xa4+ 34. Kb5 R8a5+ 35. Kb6 Qd4+ 0-1